000 01000na a2200337 4500
001 14235
003 MIRAKIL
005 20181213154731.0
008 161101b tu 000 0
020 _a9786051114026
035 _a14235
040 _aMilas
_btur
_cTR-AnCHP
041 _atur
082 _a956.1015
_bA52o 2009
090 _a956.1015 A52o 2009
100 _aAndican, A. Ahat
245 _aOsmanlı'dan günümüze Türkiye ve Orta Asya
_cA. Ahat Andican
246 _aTürkiye ve Orta Asya
260 _aİstanbul
_bDoğan Kitap
_c2009
300 _a625 s.
_bhrt.
_c23 sm.
500 _aKitap yazarından imzalıdır.
504 _aKaynakça ve dizin var.
650 _aOsmanlı İmparatorluğu
_xDış ilişkiler
_zOrta Asya
650 _aTürk halkarı
_xTarih
651 _aTürkiye
_xSiyasal tarih
651 _aTürkiye
_xDış ilişkiler
_yOrta Asya
651 _aOrta Asya
_xTarih
651 _aTürkiye
_xTarih
740 _aTürkiye ve Orta Asya
942 _2dcc
_cBKS
999 _c53
_d53